| 000 | 00476nam a22001937a 4500 | ||
|---|---|---|---|
| 005 | 20260423153421.0 | ||
| 008 | 260423b |||||||| |||| 00| 0 eng d | ||
| 020 |
_a9781454909538 _c2702.70 |
||
| 040 | _aMAIN | ||
| 041 | _aEnglish | ||
| 082 |
_a553.22 _bSCH |
||
| 100 |
_aSchumann, Walter _926713 |
||
| 245 | _aGemstones of the World | ||
| 250 | _a5th | ||
| 260 |
_aNew York _bUnion Square _c2019 |
||
| 300 | _a319 | ||
| 650 |
_aGeology (PM USHA) _926712 |
||
| 942 | _cBK | ||
| 999 |
_c60709 _d60709 |
||